000 00563nam a22001937a 4500
005 20170124165326.0
010 _aENG-117168
020 _a9789385505874
_c795.00
035 _aEN-100700
037 _bUppal
_adpl
037 _bDBAD/PUB
082 _a909
100 _aLoon,Hendrik Willem Van
245 _aSpecial catagory states of India /
_c by Hendrik Willem Van Loon
260 _c2016
_aNew Delhi
_bAlpha Edition
270 _aAnsari Road Daryaganj
_bNew Delhi
_e110002
300 _c22cm (pbk)
_a460p.
942 _cEN
_2ddc
_h909
_mLOO
999 _c137218
_d137218